000 00395nam a2200145 a 4500
001 000040100
005 20201002033922.0
008 130807s19uu sp 000 0 spa d
020 _a8423408841
040 _aDO-SdBNP
_bspa
_cBNPHU
100 1 _aLidstone, John
_965152
245 1 4 _aLos argumentos de venta /
_cJohn Lidstone.
260 _aBilbao :
_bDeusto,
_c[190?].
300 _a223 p. ;
_c24 cm.
999 _c39590
_d39590